00606cam a22001694a 4500020003100000040000800031082002600039245004900065246005700114250001200171260005700183300002400240500011800264650001700382650001700399700002000416 a9781449688080 (alk. paper) cDLC00a616 JON 2014 C158 Or.00a100 questions & answers about mesothelioma /3 aOne hundred questions and answers about mesothelioma a3rd ed. aBurlington, MA :bJones & Bartlett Learning,cc2014. ax, 193 p. ;c23 cm. aRev. ed. of: 100 questions & answers about mesothelioma / Harvey I. Pass, Amy Metula, Susan Vento. 2nd ed. c2010. 0aMesothelioma 0aMesothelioma1 aPass, Harvey I.